Borders that are longest for both countries, with World Map - Statistics

General Stats
  • This quiz has been taken 1,057 times
    349 since last reset
  • The average score is 11 of 34
Answers on the Map
Answers color-coded by a green-red scale on the quiz's map according to % correct below.
 
Answer Stats
Countries % Correct
Canada-United States
99%
Argentina-Chile
82%
China-Mongolia
75%
Kazakhstan-Russia
73%
Norway-Sweden
69%
Bolivia-Brazil
56%
Algeria-Morocco
44%
Angola-D.R. Congo
43%
Portugal-Spain
41%
Mali-Mauritania
35%
Botswana-South Africa
33%
Ethiopia-Somalia
33%
Ireland-United Kingdom
32%
South Sudan-Sudan
32%
Laos-Vietnam
31%
Iran-Iraq
29%
Saudi Arabia-Yemen
29%
Bangladesh-India
26%
Dominican Republic-Haiti
25%
Indonesia-Malaysia
25%
Bulgaria-Romania
23%
Czech Republic-Germany
23%
Bosnia and Herzegovina- Croatia
21%
Honduras-Nicaragua
21%
Hungary-Slovakia
19%
Cameroon-Nigeria
18%
Ghana-Togo
15%
Italy-Switzerland
14%
Costa Rica-Panama
12%
Syria-Turkey
11%
Malawi-Mozambique
9%
Armenia-Azerbaijan
7%
Kenya-Uganda
4%
Ivory Coast-Liberia
3%
No matching quizzes found
Score Distribution
Percent of People with Each Score
Percentile by Number Answered
Your Score History
You have not taken this quiz since the last reset